000 00989cam a22002774a 4500
001 13984364
005 20250122160354.0
008 050527s2006 njua b 001 0 eng
020 _a9780131928404
050 0 0 _aRA418.3.U6
_bW45 2006
082 0 0 _a306.4/61
_222
100 1 _aWeiss, Gregory L.
245 1 4 _aThe sociology of health, healing, and illness /
_cGregory L. Weiss, Lynne E. Lonnquist.
250 _a5th ed.
260 _aUpper Saddle River, N.J. :
_bPearson Prentice Hall,
_cc2006.
300 _ax, 390 p. :
_bill. ;
_c24 cm.
650 0 _aSocial medicine
_zUnited States.
650 0 _aMedical ethics
_zUnited States.
650 0 _aMedical care
_zUnited States.
650 1 2 _aSociology, Medical
_zUnited States.
650 2 2 _aDelivery of Health Care
_zUnited States.
650 2 2 _aEthics, Medical
_zUnited States.
700 1 _aLonnquist, Lynne E.
856 4 1 _3Table of contents
_uhttp://www.loc.gov/catdir/toc/ecip0513/2005015563.html
942 _2lcc
_cBK
_e5th ed.
_n0
999 _c2825
_d2825